000 03447cam a2200889 4500500
005 20260412000404.0
041 _afre
042 _adc
100 1 0 _aDurousseau, Michel
_eauthor
245 0 0 _aProspective juridique - Synthèse conclusive des travaux
260 _c2026.
500 _a63
520 _aIssue des travaux pluridisciplinaires menés à La Rochelle en 2024 et 2025 avec la participation d’experts, d’acteurs de la société civile et des étudiants des masters en droit de l’environnement des universités de La Rochelle, Limoges et Strasbourg, cette vaste prospective juridique consacrée à l’approche « Une seule santé » débouche sur des propositions d’évolution législatives et réglementaires, ouvre des axes de réflexions et ajuste les propositions juridiques aux constats scientifiques dans le domaine crucial qui est celui de la santé globale.
520 _aResulted from multidisciplinary work conducted in La Rochelle in 2024 and 2025, with the participation of experts, civil society actors, and master’s students in environmental law from the universities of La Rochelle, Limoges, and Strasbourg, this extensive legal study relating to the “One Health” approach results in proposals for legislative and regulatory evolution, opens avenues for reflection, and aligns legal recommendations with scientific findings in the crucial field of global health.
690 _aagriculture
690 _aalerte
690 _aalimentation
690 _aANSES
690 _aautorisations
690 _abiodiversité
690 _aclimat
690 _acodes
690 _acollectivités territoriales
690 _acompensation
690 _adécentralisation
690 _aeau
690 _aévaluation environnementale
690 _aexpertise scientifique
690 _aexposome
690 _amicrobiote
690 _aMRAe
690 _aOne Health
690 _apesticides
690 _aphytopharmacovigilance
690 _apréjudice écologique
690 _aprévention
690 _aprincipe « Une seule santé »
690 _arayonnements ionisants
690 _arecherche
690 _asanté environnement
690 _asols
690 _asubstances produits chimiques
690 _aUnion européenne.
690 _avictimes
690 _aAgriculture
690 _aAlert
690 _aANSES
690 _aAuthorizations
690 _aBiodiversity
690 _aChemical substances/products
690 _aClimate
690 _aCodes
690 _aCompensation
690 _aDecentralization
690 _aEcological damage
690 _aEnvironmental assessment
690 _aEnvironmental health
690 _aEuropean Union.
690 _aExposome
690 _aFood
690 _aIonizing radiation
690 _aLocal Authorities
690 _aMicrobiota
690 _aMRAe
690 _aOne Health
690 _aPesticides
690 _aPhytopharmacovigilance
690 _aPrevention
690 _aPrinciple One Health
690 _aResearch
690 _aScientific expertise
690 _aSoils
690 _aVictims
690 _aWater
786 0 _nRevue juridique de l’environnement | 51 | 1 | 2026-03-17 | p. 23-50 | 0397-0299
856 4 1 _uhttps://droit.cairn.info/revue-revue-juridique-de-lenvironnement-2026-1-page-23?lang=fr&redirect-ssocas=7080
999 _c2209868
_d2209868